| 000 | 00336nam a22001337a 4500 | ||
|---|---|---|---|
| 008 | 250423b |||||||| |||| 00| 0 eng d | ||
| 020 | _a0520071867 | ||
| 050 |
_aHD9698 _b.H49 |
||
| 100 | _aHEWLETT, Richard G. | ||
| 245 | _aAtomic Shield | ||
| 260 |
_aU.S.A _bUniversity of California Press _c1990 |
||
| 300 | _axviii, 718p. | ||
| 942 | _cBK | ||
| 999 |
_c3117 _d3117 |
||